000 01130pam a2200313 a 4500
999 _c63940
_d63914
001 2523537
003 OSt
005 20190219095631.0
008 930203s1993 nyuab j b 000 0 eng
010 _a 93021841
020 _a0812063449 (hardcover) :
_c$13.95 ($17.50 Can.)
020 _a0812016254 (pbk.) :
_c$8.95 ($10.95 Can.)
040 _aDLC
_cDLC
_dDLC
042 _alcac
043 _af------
050 0 0 _aGR350
_b.G73 1993
082 0 0 _a398.24/5/096
_220
100 1 _aGreaves, Nick.
_948487
245 1 0 _aWhen lion could fly :
_band other tales from Africa /
_ctold by Nick Greaves ; illustrated by Rod Clement.
260 _aHauppauge, N.Y. :
_bBarron's,
_c1993.
300 _a144 p. :
_bill. (some col.), col. maps ;
_c23 cm.
500 _a[Africana]
650 0 _aAnimals
_zAfrica
_xFolklore.
_948503
650 0 _aTales
_zAfrica.
_xAfrica.
_948504
700 1 _aClement, Rod,
_d1961-
_eillustrator.
_948505
906 _a7
_bcbc
_corignew
_d1
_eocip
_f19
_gy-gencatlg
942 _cAFR(G)